1862 1465 1076 1186 1896 1260 1610 1943 1893 1327 1468 1089 1224 1820 1766 1740 1242 1011 1755 1745 1395 1951 1978 1991 1964 1454 1863 1827 1048 1818 1898 1441 1762 1458 1651 1166 1209 1051 1011 1055 1359 1406 1053 1308 1879 1917 1683 1916 1811 1962 1577 1508 1245 1972 1600 1231 1537 1180 1870 1693 1614 1523 1967 1742 1813 1238 1832 1175 1305 1334 1173 1865 1201 1300 1534 1819 1602 1445 1781 1345 1890 1983 1330 1798 1303 1540 1697 1187 1450 1970 1481 1131 1129 1650 1764 1503 1579 1375 1643 BCNSPRNW ULIB Ver.6.0+V

เปลี่ยนเป็นภาษาไทย

Change to English
 แสดงรายละเอียดบรรณานุกรม
  กลับหน้าหลัก

Brief Record : Get Marc (ISO 2709) : E-mail record : QR code < ปิดหน้าต่าง
LEADER : 00000nam 2200000uu 4500
001    13399123842
003     ULIB
008    141204s2556||||th 000 0 tha d
020    ^a9786169160908
060  4 ^aWS200^bU549
110 1  ^aสมาคมโรคติดเชื้อในเด็กแห่งประเทศไทย
245 00 ^aUpdate on pediatric infectious diseases 2013 /^cพิรังกูร เกิดพาณิช, วีระชัย วัฒนาวีรเดช, ทวี โชติพิทยสุนนท์ บรรณาธิการ
250    ^aพิมพ์ครั้งที่ 1
260    ^aกรุงเทพฯ :^bสมาคมโรคติดเชื้อในเด็กแห่งประเทศไทย,^c2556.
300    ^aviii, 306 หน้า :^bภาพประกอบ
505 0  ^a-- ASEAN Dengue Vaccination Advocacy -- Human Immonudeficiency Vurus Update -- Diagnostic Tests: Practical Issues in Infectious Diseases -- Approach to Prolonged Fever -- Enteric Fever -- Combating Multi-Drug Resistant Gram Negative Bacteria -- การใช้ยาปฏิชีวนะในผู้ป่วยนอก Accute Bacterial Rhinosinusitis -- Multidrug Resistant Gram Negative Bacteria -- การเลือกใช้ยาปฏิชีวนะในเด็กที่มีภาวะ Sepsis -- การดูแลรักษาโรคดื้อยาหลายขนาน (MDR-TB) ในเด็ก
505 0  ^a-- ทุเบอร์คุลิน 2556 -- Tuberculosis : Infection Control -- Mycoplasma pneumoniae Infection - Influenza Update -- Respiratory Syncytial Virus Update -- Update Prevention and Management of Hepatitis B Virus Infection -- Frequently Asked Questions for EPI Vaccines -- Non EPI Vaccine -- วัคซีน: เรื่องที่น่าสนใจในรอบปีที่ผ่านมา -- Update Management in Urinary Tract Infection
505 0  ^a-- Clinical Practice Guideline of Acute Meningoencephalitis -- Management of Febrile Neutropenia in Children with Cancer -- Management of Severe Sepsis and Septic Shock -- Sepsis -- การสื่อสารสำหรับผู้ป่วยวิกฤติ -- Spot Diagnosis
650  7 ^aโรคติดเชื้อ^xในวัยทารกและเด็ก
650  7 ^aโรคติดต่อ^xในวัยทารกและเด็ก
650  7 ^aเด็ก^xโรค^xการรักษา
700 0  ^aทวี โชติพิทยสุนนท์,^eบรรณาธิการ
700 0  ^aวีระชัย วัฒนาวีรเดช,^eบรรณาธิการ
700 0  ^aพิรังกูร เกิดพาณิช,^eบรรณาธิการ
945    ^p450^l0^i22357
945    ^p450^l0^i22358
999    ^aทศพร เกษรทอง
รายการนี้ยังไม่มีแท็ก
คุณยังไม่ได้ล็อกอิน คุณสามารถมีกิจกรรมร่วมกับเว็บไซต์ได้ แต่ต้องล็อกอินก่อน ::
  ล็อกอิน

รายการสื่อสารสนเทศ

ลำดับที่ ประเภท เลขเรียก/บาร์โค้ด สถานที่ สถานะ
1. วิทยาศาสตร์การแพทย์ และสุขภาพ
หนังสือสำรอง
สถานะ=หนังสือสำรอง
WS200 U549 ฉ.1 
  Barcode: 22357
ห้องสมุดวิทยาเขตนครสวรรค์
►หนังสือทั่วไป:l:General Books
บนชั้น
2. วิทยาศาสตร์การแพทย์ และสุขภาพ
วิทยาศาสตร์การแพทย์ และสุขภาพ
WS200 U549 ฉ.2 
  Barcode: 22358
ห้องสมุดวิทยาเขตนครสวรรค์
►หนังสือทั่วไป:l:General Books
บนชั้น

BibComment


ยังไม่เคยถูกคอมเมนท์

คอมเมนท์ทรัพยากรรายการนี้
  คอมเมนท์: Update on pediat..


 Copyright 2026. Bcnsprnw @Library